Western barbarians in Japan and Formosa in Tokugawa days, 1603-1868

Salvato in:
Dettagli Bibliografici
Autore principale: Paske-Smith, M.
Natura: Libro
Lingua:Undetermined
Pubblicazione: New York Paragon Press 1968
Soggetti:
Tags: Aggiungi Tag
Nessun Tag, puoi essere il primo ad aggiungerne! !
Thư viện lưu trữ: Trung tâm Học liệu Trường Đại học Cần Thơ
LEADER 00609nam a2200217Ia 4500
001 CTU_112276
008 210402s9999 xx 000 0 und d
082 |a 382.0952 
082 |b P282 
100 |a Paske-Smith, M. 
245 0 |a Western barbarians in Japan and Formosa in Tokugawa days, 1603-1868 
245 0 |c M. Paske-Smith 
260 |a New York 
260 |b Paragon Press 
260 |c 1968 
650 |a British,British,Japan 
650 |x History,History,History 
650 |y Taiwan,Commerce 
650 |z Japan 
904 |i M.Loan 
980 |a Trung tâm Học liệu Trường Đại học Cần Thơ